| 000 | 01087cam a2200313 4500 | ||
|---|---|---|---|
| 001 | 1718312 | ||
| 003 | OSt | ||
| 005 | 20110722085634.0 | ||
| 008 | 720320s1971 enk b 000 0 eng | ||
| 010 | _a 72176019 | ||
| 015 | _aB*** | ||
| 020 |
_a0420437908 _a0420438009 (pbk) |
||
| 040 |
_aDLC _cDLC _dDLC |
||
| 043 | _ae-uk-en | ||
| 050 | 0 | 0 |
_aHV9647 _b.C73 |
| 082 | 0 | 0 | _a364.7 CRO |
| 100 | 1 |
_aCross, Rupert, _cSir, _d1912-1980. _92060 |
|
| 245 | 1 | 0 |
_aPunishment, prison and the public; _ban assessment of penal reform in twentieth century England by an armchair penologist, _cby Rupert Cross. |
| 260 |
_aLondon, _bStevens, _c1971. |
||
| 300 |
_axvi, 192 p. _c19 cm. |
||
| 350 | _a£2.25 | ||
| 440 | 4 |
_aThe Hamlyn lectures ; _v23rd ser. _92061 |
|
| 504 | _aBibliography: p. 191-192. | ||
| 650 | 0 |
_aPrisons _zEngland. _92062 |
|
| 650 | 0 |
_aPunishment _zEngland. _92063 |
|
| 906 |
_a7 _bcbc _corignew _d3 _encip _f19 _gy-gencatlg |
||
| 942 |
_2ddc _cBK |
||
| 999 |
_c756 _d756 |
||